| 000 | 00820cab a22001935a 4500 | ||
|---|---|---|---|
| 001 | L151318 | ||
| 008 | 101021e20101015xxk 000 0 eng d | ||
| 035 | _a(Sirsi) u151318 | ||
| 041 | 0 | _aeng | |
| 100 | 1 | _aVigus, Emma | |
| 245 | 0 | 4 | _aThe value of PI |
| 260 | _c2010 | ||
| 490 |
_aBuilding _v275 (8650) 15 October 2010, 54(1) |
||
| 520 | _aProfessional indemnity premiums are falling for many surveying firms except those doing valuation surveys; understanding which activities insurers perceive as high risk; how insurers' view of risk has changed 2003, 2006 and 2010; valuation surveys, building surveying, architecture, quantity surveying, project management. | ||
| 590 | _aKA | ||
| 651 | 4 |
_aUnited Kingdom _y |
|
| 690 | _aMANAGEMENT-BUSINESS MANAGEMENT-INSURANCE-PROFESSIONAL INDEMNITY INSURANCE | ||
| 942 | _n0 | ||
| 999 |
_c82767 _d82767 |
||